|
|
|
|
| LEADER |
01332nam a2200313 a 4500 |
| 001 |
16489 |
| 003 |
BD-DhAAL |
| 005 |
20241229122323.0 |
| 008 |
090330s2003 enka 000 0 eng d |
| 010 |
|
|
|a 2005363590
|
| 015 |
|
|
|a GBA3-V8416
|
| 020 |
|
|
|a 0500284601
|
| 040 |
|
|
|a UKM
|c UKM
|d OCLCQ
|d BD-DhAAL
|
| 082 |
0 |
4 |
|a 720.92
|2 21
|
| 100 |
1 |
|
|a Tschumi, Bernard,
|d 1944-
|9 25239
|
| 245 |
1 |
0 |
|a Bernard Tschumi /
|c edited by Giovanni Damiani.
|
| 260 |
|
|
|a London :
|b Thames & Hudson,
|c 2003.
|
| 300 |
|
|
|a 176 pages :
|b illustrations (some color) ;
|c 21 cm.
|
| 490 |
0 |
|
|a Architecture/design series
|
| 526 |
|
|
|a ARC
|x Huraera Jabeen
Faculty member of Department of Architecture
|
| 541 |
1 |
|
|a Zeenat Book Supply Limited
|e 16489
|
| 600 |
1 |
0 |
|a Tschumi, Bernard,
|c 1944-
|v Interviews.
|9 25240
|
| 600 |
1 |
0 |
|a Tschumi, Bernard,
|d 1944-
|x Criticism and interpretation.
|9 25241
|
| 650 |
|
0 |
|a Architecture, Postmodern.
|9 25242
|
| 700 |
1 |
|
|a Damiani, Giovanni,
|e editor
|9 25243
|
| 852 |
4 |
|
|a Ayesha Abed Library
|j General Stacks
|
| 942 |
|
|
|2 ddc
|c BK
|
| 999 |
|
|
|c 22
|d 22
|
| 952 |
|
|
|0 0
|1 0
|2 ddc
|4 0
|6 720_920000000000000_TSC
|7 0
|9 20
|a BRACUL
|b BRACUL
|c GEN
|d 2009-04-28
|e Zeenat Book Supply Limited
|g 2233.00
|l 10
|m 100
|o 720.92 TSC
|p 3010016489
|r 2017-10-04
|s 2017-06-22
|t 1
|w 2009-04-28
|y BK
|x Requisitioned by Huraera Jabeen, Faculty member of Department of Architecture (ARC).
|